Xác định động thái thủy văn của hệ sinh thái nông nghiệp ở vùng ven biển Sóc Trăng dưới tác động của biến đổi khí hậu và phát triển hạ tầng thủy lợi : Báo cáo tổng kết đề tài nghiên cưu khoa học và công nghệ cấp trường

Nội dụng đề tài nhằm đánh giá động thái tự nhiên (tập trung vào nguồn tài nguyên nước) của hệ thống sinh thái nông nghiệp và hiệu quả sản xuất nông nghiệp ở vùng ven biển Sóc Trăng dưới sự tác động của biến đổi khí hậu và thay đổ...

全面介紹

Đã lưu trong:
書目詳細資料
主要作者: Văn, Phạm Đăng Trí
格式: 圖書
語言:Undetermined
出版: Cần Thơ Trường Đại học Cần Thơ 2014
主題:
標簽: 添加標簽
沒有標簽, 成為第一個標記此記錄!
Thư viện lưu trữ: Trung tâm Học liệu Trường Đại học Cần Thơ
LEADER 01509nam a2200217Ia 4500
001 CTU_198351
008 210402s9999 xx 000 0 und d
082 |a 630.257755 
082 |b Tr300 
088 |a T2013-37 
100 |a Văn, Phạm Đăng Trí 
245 0 |a Xác định động thái thủy văn của hệ sinh thái nông nghiệp ở vùng ven biển Sóc Trăng dưới tác động của biến đổi khí hậu và phát triển hạ tầng thủy lợi : 
245 0 |b Báo cáo tổng kết đề tài nghiên cưu khoa học và công nghệ cấp trường 
245 0 |c Văn Phạm Đăng Trí (Chủ nhiệm đề tài) ; Nguyễn Hiếu Trung (Cán bộ phối hợp nghiên cứu) 
260 |a Cần Thơ 
260 |b Trường Đại học Cần Thơ 
260 |c 2014 
520 |a Nội dụng đề tài nhằm đánh giá động thái tự nhiên (tập trung vào nguồn tài nguyên nước) của hệ thống sinh thái nông nghiệp và hiệu quả sản xuất nông nghiệp ở vùng ven biển Sóc Trăng dưới sự tác động của biến đổi khí hậu và thay đổi của hệ thống cơ sở hạ tầng thủy lợi 
650 |a Agricultural ecology,Hệ sinh thái nông nghiệp 
904 |i Nguyên 
980 |a Trung tâm Học liệu Trường Đại học Cần Thơ